=LDR 00000nam 2200000 4500 =001 INLIS000000000029592 =005 20130612131820 =008 ***********************************Ind** =035 ##$$0010-061300000029592 =041 ##$$a Ind =082 ##$$a 510.7 =090 ##$$a 510.7, Yaz s =100 ##$$a Yazid, Estien =245 ##$$a Super pintar matematika untuk siswa SLTP/MTs kelas VII, VIII dan IX, Estien Yazid =260 ##$$a 2007 $b Surabaya =300 ##$$a vi, 290 hlm, ilus, 2007 =650 ##$$a Matematika-Studi pengajaran =850 ##$$a NBPNMAT